خواص المواد الهندسية / (Record no. 7043)

MARC details
000 -LEADER
fixed length control field 00533nam a22001937a 4500
005 - DATE AND TIME OF LATEST TRANSACTION
control field 20251108164231.0
008 - FIXED-LENGTH DATA ELEMENTS--GENERAL INFORMATION
fixed length control field 250721s9999 xx 000 0 ara d
082 14 - DEWEY DECIMAL CLASSIFICATION NUMBER
Classification number 620.1/صال
100 1# - MAIN ENTRY--PERSONAL NAME
Personal name كركجي، صالح أمين
245 10 - TITLE STATEMENT
Title خواص المواد الهندسية /
264 ## - PRODUCTION, PUBLICATION, DISTRIBUTION, MANUFACTURE, AND COPYRIGHT NOTICE
Date of production, publication, distribution, manufacture, or copyright notice [19-].
300 ## - PHYSICAL DESCRIPTION
Extent 449ص
650 17 - SUBJECT ADDED ENTRY--TOPICAL TERM
Topical term or geographic name as entry element المواد الهندسية
650 17 - SUBJECT ADDED ENTRY--TOPICAL TERM
Topical term or geographic name as entry element الهندسة
700 1# - ADDED ENTRY--PERSONAL NAME
Personal name صالح، وليد محمد
700 1# - ADDED ENTRY--PERSONAL NAME
Personal name الشريقي، طالب حسين
942 ## - ADDED ENTRY ELEMENTS (KOHA)
Source of classification or shelving scheme Dewey Decimal Classification
Koha item type Books
Holdings
حالة السحب حالة الفقدان مصدر التصنيف حالة التلف غير قابل للإعارة المكتبة الرئيسية المكتبة الحالية موقع الرف تاريخ التزويد الرقم المتسلسل Total Checkouts رقم الإستدعاء الباركود تاريخ آخر ظهور تاريخ الفاتورة نوع المادة (كوها)
    Dewey Decimal Classification     المكتبة المركزية المكتبة المركزية الإعارة 15/11/2009 176926   620.1/صال PLD00119712 28/07/2025 15/11/2009 Books
Implemented & Customized by: BBB with SCIT (Smart Chains for Information Technology)

Powered by Koha